Estudio crítico de la Campaña de 1838-39. Trabajo premiado en el Certámen del Centenario. Por Fabio Galdámez Lastra, Capitán i Oficial de Estado Mayor

Збережено в:
Бібліографічні деталі
Автор: Galdámez Lastra, Fabio (Автор)
Формат: Книга
Мова:Іспанська
Опубліковано: Santiago Talleres del Estado Mayor Jeneral 1910
Редагування:1a. ed
Серія:Historia Militar de Chile
Предмети:
Теги: Додати тег
Немає тегів, Будьте першим, хто поставить тег для цього запису!

MARC

LEADER 00000nam a2200000 a 4500
001 UCJ5206
003 CL-VaPUC
008 070124e19100000CL |||||||||||||||||spa|d
082 0 4 |a 983  |b GAL  |2 21 
100 |a Galdámez Lastra, Fabio  |e author  |9 510089 
245 1 0 |a Estudio crítico de la Campaña de 1838-39. Trabajo premiado en el Certámen del Centenario. Por Fabio Galdámez Lastra, Capitán i Oficial de Estado Mayor 
250 |a 1a. ed 
300 |a 152 p 
942 |c BK 
945 |d 20070124 00:00:00  |a rinostro 
260 |a Santiago  |b Talleres del Estado Mayor Jeneral  |c 1910 
500 |a Fuera de texto, dos mapas; advierte errata 
600 0 7 |a EJERCITO DE CHILE  |2 CL-VaPUC  |9 404556 
600 0 7 |a BATALLA DE GUIAS  |2 CL-VaPUC  |9 507096 
600 0 7 |a BATALLA DE BUIN  |2 CL-VaPUC  |9 510090 
600 0 7 |a BATALLA DE YUNGAI  |2 CL-VaPUC  |9 507095 
600 0 7 |a MAPAS  |2 CL-VaPUC  |9 510091 
650 0 |a Historia de Chile  |9 265473 
650 0 |a Historia militar  |9 268297 
650 0 |a Guerra contra la confederación Perú Boliviana  |9 504253 
650 0 |a Diplomacia  |9 256483 
650 7 |a BATALLAS  |2 CL-VaPUC  |9 376940 
650 7 |a OPERACIONES MARITIMAS  |2 CL-VaPUC  |9 510092 
650 0 |a Historia de Chile  |9 265473 
651 0 |a Bolivia  |9 255454 
651 7 |a CHILE  |2 CL-VaPUC  |9 510093 
651 0 |a Perú  |9 256567 
651 7 |a LIMA  |2 CL-VaPUC  |9 350186 
651 7 |a CALLAO  |2 CL-VaPUC  |9 443682 
583 |a last modification  |c 20070124 00:00:00  |k Rodrigo Vera 
490 0 |a Historia Militar de Chile 
999 |c 321319  |d 321317 
952 |0 0  |1 0  |4 0  |6 983_000000000000000_GAL_1910  |7 0  |8 X  |9 400029  |a FDOBUD  |b FDOBUD  |d 2019-11-22  |i 1031317  |o 983 GAL 1910  |p 1031317  |r 2019-11-22  |w 2019-11-22  |y BK_X  |k BUD